[Event "FSIM-A 2007.11"]
[Site "Budapest HUN"]
[Date "2007.11.04"]
[Round "2"]
[White "Kaufman, Raymond"]
[Black "Wittmann, Walter"]
[Result "1-0"]
[WhiteElo "2393"]
[BlackElo "2304"]
[PlyCount "63"]
[GameId "2129405100199047"]
[EventDate "2007.11.03"]
[EventType "tourn"]
[EventRounds "9"]
[EventCountry "HUN"]
[EventCategory "2"]
[SourceTitle "The Week in Chess 679"]
[Source "Mark Crowther"]
[SourceDate "2007.11.12"]
[SourceVersion "1"]
[SourceVersionDate "2007.11.12"]
[SourceQuality "2"]

1. d4 Nf6 2. c4 g6 3. Nc3 d5 4. Nf3 Bg7 5. Bg5 dxc4 6. Qa4+ c6 7. Qxc4 b5 8. Qb3 a5 9. Qc2 b4 10. Bxf6 Bxf6 11. Ne4 Bg7 12. e3 O-O 13. Nc5 Nd7 14. Be2 Qb6 15. Rc1 Nxc5 16. Qxc5 Qxc5 17. Rxc5 Be6 18. Bc4 Bd7 19. Ke2 Rfc8 20. Rc1 e6 21. Ne5 Bxe5 22. Rxe5 Kf8 23. Bd3 Ke7 24. Rec5 Kd6 25. e4 f5 26. Ke3 Ke7 27. Kf4 fxe4 28. Bxe4 Kd6 29. Kg5 Rf8 30. f4 Ra6 31. Bf3 Rf7 32. R1c2 1-0

[Event "FSIM-A 2007.11"]
[Site "Budapest HUN"]
[Date "2007.11.05"]
[Round "3"]
[White "Lengyel, Bela"]
[Black "Kaufman, Raymond"]
[Result "0-1"]
[WhiteElo "2263"]
[BlackElo "2393"]
[PlyCount "100"]
[GameId "2129405100199052"]
[EventDate "2007.11.03"]
[EventType "tourn"]
[EventRounds "9"]
[EventCountry "HUN"]
[EventCategory "2"]
[SourceTitle "The Week in Chess 679"]
[Source "Mark Crowther"]
[SourceDate "2007.11.12"]
[SourceVersion "1"]
[SourceVersionDate "2007.11.12"]
[SourceQuality "2"]

1. e4 c5 2. Nf3 e6 3. d4 cxd4 4. Nxd4 a6 5. Bd3 Nf6 6. O-O Qc7 7. Qe2 d6 8. c4 Nbd7 9. b3 Be7 10. Bb2 O-O 11. Nc3 Re8 12. Rad1 Bf8 13. f4 e5 14. fxe5 dxe5 15. Nf5 Bb4 16. Nd5 Nxd5 17. Qg4 Qb6+ 18. Kh1 Qg6 19. Qh4 N5f6 20. Rf3 Qg4 21. Nh6+ gxh6 22. Rg3 Qxg3 23. Qxg3+ Kh8 24. Qh4 Bf8 25. Rf1 Bg7 26. c5 Nxc5 27. Bc2 Ncd7 28. b4 b5 29. Bc1 h5 30. Bg5 Re6 31. Bb3 Rd6 32. Rd1 Rxd1+ 33. Bxd1 Bb7 34. Bf3 Rc8 35. h3 Rc4 36. Qf2 Bxe4 37. Qa7 Bxf3 38. gxf3 h6 39. Bxf6 Nxf6 40. Qxa6 Rxb4 41. Qb7 e4 42. fxe4 Nxe4 43. Kg2 Be5 44. Qe7 Bd6 45. Qd8+ Kg7 46. Kf3 Ng5+ 47. Ke2 Bf4 48. Qa5 Rb2+ 49. Kf1 Ne4 50. Qa3 Rf2+ 0-1

[Event "FSIM-A 2007.11"]
[Site "Budapest HUN"]
[Date "2007.11.07"]
[Round "5"]
[White "Kaufman, Raymond"]
[Black "Cooke, Eric"]
[Result "0-1"]
[WhiteElo "2393"]
[BlackElo "2253"]
[PlyCount "66"]
[GameId "2129405100199062"]
[EventDate "2007.11.03"]
[EventType "tourn"]
[EventRounds "9"]
[EventCountry "HUN"]
[EventCategory "2"]
[SourceTitle "The Week in Chess 679"]
[Source "Mark Crowther"]
[SourceDate "2007.11.12"]
[SourceVersion "1"]
[SourceVersionDate "2007.11.12"]
[SourceQuality "2"]

1. d4 Nf6 2. c4 g6 3. Nc3 Bg7 4. e4 d6 5. h3 O-O 6. Be3 Nbd7 7. Nf3 e5 8. d5 Nc5 9. Nd2 a5 10. Be2 Ne8 11. O-O f5 12. exf5 gxf5 13. f4 b6 14. Qc2 Nf6 15. Rae1 Kh8 16. fxe5 dxe5 17. Bg5 Bd7 18. Bh5 e4 19. Be2 Qe8 20. Nd1 Rg8 21. Ne3 Nh5 22. Nb3 Qg6 23. Bxh5 Qxg5 24. Bf7 Nxb3 25. Qxb3 Bd4 26. Bxg8 Rxg8 27. Re2 f4 28. Kh1 Bxe3 29. Qc3+ Rg7 30. b3 h6 31. Qc2 f3 32. gxf3 exf3 33. Rh2 Bxh3 0-1

[Event "FSIM-A 2007.11"]
[Site "Budapest HUN"]
[Date "2007.11.08"]
[Round "6"]
[White "Lorand, Norbert"]
[Black "Kaufman, Raymond"]
[Result "0-1"]
[WhiteElo "2166"]
[BlackElo "2393"]
[PlyCount "58"]
[GameId "2129405100199067"]
[EventDate "2007.11.03"]
[EventType "tourn"]
[EventRounds "9"]
[EventCountry "HUN"]
[EventCategory "2"]
[SourceTitle "The Week in Chess 679"]
[Source "Mark Crowther"]
[SourceDate "2007.11.12"]
[SourceVersion "1"]
[SourceVersionDate "2007.11.12"]
[SourceQuality "2"]

1. e4 c5 2. Nf3 e6 3. d4 cxd4 4. Nxd4 Nc6 5. Nb5 d6 6. Bf4 e5 7. Be3 Nf6 8. Nd2 Be6 9. Bc4 Be7 10. Bg5 O-O 11. Bxf6 Bxf6 12. Nc3 Rc8 13. Nd5 Bg5 14. Nf3 Nd4 15. Qd3 Bxd5 16. exd5 e4 17. Qxd4 Bf6 18. Qd2 Rxc4 19. Qe2 Qa5+ 20. Kf1 Qxd5 21. Nd2 Rxc2 22. Rd1 Qc6 23. b4 d5 24. b5 Qc3 25. Nb1 Qb2 26. Nd2 Bg5 27. Ke1 Rfc8 28. Qg4 Bxd2+ 29. Rxd2 Qc3 0-1

[Event "FSIM-A 2007.11"]
[Site "Budapest HUN"]
[Date "2007.11.09"]
[Round "7"]
[White "Kaufman, Raymond"]
[Black "Hvenekilde, Jorgen"]
[Result "1-0"]
[WhiteElo "2393"]
[BlackElo "2239"]
[PlyCount "69"]
[GameId "2129405100199072"]
[EventDate "2007.11.03"]
[EventType "tourn"]
[EventRounds "9"]
[EventCountry "HUN"]
[EventCategory "2"]
[SourceTitle "The Week in Chess 679"]
[Source "Mark Crowther"]
[SourceDate "2007.11.12"]
[SourceVersion "1"]
[SourceVersionDate "2007.11.12"]
[SourceQuality "2"]

1. e4 e5 2. Nf3 d6 3. d4 exd4 4. Nxd4 Nf6 5. Nc3 Be7 6. g3 O-O 7. Bg2 Re8 8. O-O Bf8 9. h3 Nbd7 10. b3 Nc5 11. Re1 a5 12. a3 c6 13. Bb2 Bd7 14. f4 h6 15. Kh2 Qc7 16. Qd2 Rad8 17. Rad1 b5 18. b4 axb4 19. axb4 Na6 20. e5 dxe5 21. fxe5 Nh7 22. Na2 Qa7 23. Qf4 Nc7 24. Nc3 Ne6 25. Nxe6 Rxe6 26. Rf1 f6 27. Nxb5 cxb5 28. Bd5 Rde8 29. exf6 Nxf6 30. Bxf6 gxf6 31. Qxf6 Bg7 32. Qf7+ Kh8 33. Bxe6 Rxe6 34. Rxd7 Re2+ 35. Kh1 1-0

[Event "FSIM-A 2007.11"]
[Site "Budapest HUN"]
[Date "2007.11.10"]
[Round "8"]
[White "Mikkelsen, Nikolaj"]
[Black "Kaufman, Raymond"]
[Result "1/2-1/2"]
[WhiteElo "2315"]
[BlackElo "2393"]
[PlyCount "25"]
[GameId "2129405100199078"]
[EventDate "2007.11.03"]
[EventType "tourn"]
[EventRounds "9"]
[EventCountry "HUN"]
[EventCategory "2"]
[SourceTitle "The Week in Chess 680"]
[Source "Mark Crowther"]
[SourceDate "2007.11.19"]
[SourceVersion "1"]
[SourceVersionDate "2007.11.19"]
[SourceQuality "2"]

1. e4 g6 2. d4 Bg7 3. Nc3 c6 4. f4 d5 5. e5 Nh6 6. Nf3 Bg4 7. Be3 Nf5 8. Bf2 h5 9. Bd3 Bxf3 10. Qxf3 h4 11. Be2 e6 12. O-O Bf8 13. b3 1/2-1/2

[Event "FSIM-A 2007.11"]
[Site "Budapest HUN"]
[Date "2007.11.11"]
[Round "9"]
[White "Kaufman, Raymond"]
[Black "Kahn, Evarth"]
[Result "1-0"]
[WhiteElo "2393"]
[BlackElo "2314"]
[PlyCount "67"]
[GameId "2129405100199081"]
[EventDate "2007.11.03"]
[EventType "tourn"]
[EventRounds "9"]
[EventCountry "HUN"]
[EventCategory "2"]
[SourceTitle "The Week in Chess 680"]
[Source "Mark Crowther"]
[SourceDate "2007.11.19"]
[SourceVersion "1"]
[SourceVersionDate "2007.11.19"]
[SourceQuality "2"]

1. d4 d5 2. c4 c6 3. Nc3 dxc4 4. e3 b5 5. a4 b4 6. Ne4 Qd5 7. Ng3 Nf6 8. Nf3 a5 9. Be2 Ba6 10. O-O e6 11. Ne5 Be7 12. e4 Qd8 13. Nxc4 O-O 14. Be3 Nbd7 15. Rc1 c5 16. d5 exd5 17. exd5 Bxc4 18. Bxc4 Ne8 19. Bb5 f5 20. Ne2 Bd6 21. Bxd7 Qxd7 22. Bxc5 Rc8 23. Bxd6 Nxd6 24. Rxc8 Rxc8 25. Nf4 Rc4 26. Ne6 Ne4 27. Qd3 Rc8 28. Qa6 Nc5 29. Nxc5 Rxc5 30. d6 Kf7 31. Qd3 Ke6 32. Re1+ Kf6 33. Qe3 Qc6 34. d7 1-0

[Event "Liverpool op"]
[Site "Liverpool ENG"]
[Date "2007.09.03"]
[Round "1.11"]
[White "Meijers, Viesturs"]
[Black "Kaufman, Raymond"]
[Result "0-1"]
[WhiteElo "2483"]
[BlackElo "2310"]
[PlyCount "50"]
[GameId "2129405101945881"]
[EventDate "2007.09.03"]
[EventType "swiss"]
[EventRounds "9"]
[EventCountry "ENG"]

1. b3 d5 2. Bb2 Bg4 3. h3 Bh5 4. Qc1 Nd7 5. e3 e6 6. Ne2 Ngf6 7. Nf4 Bg6 8. Nxg6 hxg6 9. c4 c6 10. Nc3 Bd6 11. Qc2 Qe7 12. Be2 a6 13. d4 Ba3 14. Bxa3 Qxa3 15. c5 e5 16. O-O O-O 17. Rfe1 Qa5 18. a3 exd4 19. exd4 Rfe8 20. b4 Qc7 21. a4 Nf8 22. b5 axb5 23. axb5 Rxa1 24. Rxa1 Qf4 25. Rd1 Ne6 {remaining moves illegible} 0-1

[Event "Liverpool op"]
[Site "Liverpool ENG"]
[Date "2007.09.04"]
[Round "3.23"]
[White "Mollison, Jamie"]
[Black "Kaufman, Raymond"]
[Result "0-1"]
[WhiteElo "1917"]
[BlackElo "2310"]
[PlyCount "56"]
[GameId "2129405101945979"]
[EventDate "2007.09.03"]
[EventType "swiss"]
[EventRounds "9"]
[EventCountry "ENG"]

1. e4 d6 2. d4 g6 3. Nc3 Bg7 4. Be3 Nd7 5. Qd2 a6 6. a4 e5 7. d5 f5 8. f3 Ndf6 9. b4 Ne7 10. a5 O-O 11. b5 axb5 12. Bxb5 c5 13. dxc6 bxc6 14. Bc4+ Kh8 15. Bb6 Qd7 16. Rd1 fxe4 17. fxe4 d5 18. exd5 cxd5 19. Bb5 Qb7 20. Nf3 d4 21. Na4 Ng4 22. Nc5 Qd5 23. c4 Qg8 24. a6 Ne3 25. Rc1 Bg4 26. Ng5 Rf6 27. h3 Qf8 28. Nf3 Nxg2+ 0-1

[Event "Liverpool op"]
[Site "Liverpool ENG"]
[Date "2007.09.06"]
[Round "6.20"]
[White "Kaufman, Raymond"]
[Black "Cannon, Raymond Charles"]
[Result "1-0"]
[WhiteElo "2310"]
[BlackElo "2050"]
[PlyCount "113"]
[GameId "2129405101946106"]
[EventDate "2007.09.03"]
[EventType "swiss"]
[EventRounds "9"]
[EventCountry "ENG"]

1. Nf3 Nf6 2. c4 c5 3. Nc3 Nc6 4. g3 g6 5. Bg2 Bg7 6. O-O O-O 7. d4 cxd4 8. Nxd4 Ng4 9. e3 Nge5 10. b3 d6 11. f4 Nxd4 12. exd4 Bg4 13. Qd2 Nc6 14. d5 Qb6+ 15. Kh1 Qb4 16. Bb2 Nd4 17. h3 Bd7 18. Rad1 b5 19. Nxb5 Qxd2 20. Rxd2 Nxb5 21. cxb5 Bxb2 22. Rxb2 Bxb5 23. Re1 Rfe8 24. Rc2 a5 25. Rc7 Kf8 26. Kg1 Ba6 27. Kf2 a4 28. b4 Rac8 29. Rec1 Rxc7 30. Rxc7 Rc8 31. Rc6 Bb7 32. b5 Ke8 33. Ke3 Kd7 34. Rxc8 Bxc8 35. Kd4 Kc7 36. Kc4 Kb6 37. Kb4 a3 38. g4 Bd7 39. Bf1 e6 40. g5 Be8 41. Bc4 Bd7 42. h4 exd5 43. Bd3 d4 44. Kxa3 Bxb5 45. Bxb5 Kxb5 46. Kb3 d5 47. a3 Ka5 48. Kc2 Ka4 49. Kd3 Kxa3 50. Kxd4 Kb4 51. Kxd5 Kc3 52. Ke5 Kd3 53. Kf6 Ke4 54. Kxf7 Kxf4 55. Kg7 Kg4 56. Kxh7 Kxh4 57. Kxg6 1-0

[Event "Liverpool op"]
[Site "Liverpool ENG"]
[Date "2007.09.07"]
[Round "7.12"]
[White "Greet, Andrew"]
[Black "Kaufman, Raymond"]
[Result "1-0"]
[WhiteElo "2441"]
[BlackElo "2310"]
[PlyCount "55"]
[GameId "2129405101946141"]
[EventDate "2007.09.03"]
[EventType "swiss"]
[EventRounds "9"]
[EventCountry "ENG"]

1. e4 c5 2. Nf3 Nc6 3. Bb5 g6 4. Bxc6 dxc6 5. d3 Bg7 6. h3 Nf6 7. Nc3 Qc7 8. Be3 Nd7 9. O-O O-O 10. Qd2 f5 11. exf5 gxf5 12. Bh6 Qd6 13. Bxg7 Kxg7 14. Qg5+ Kh8 15. Rae1 e5 16. Re2 h6 17. Qh5 b5 18. Rfe1 b4 19. Na4 c4 20. Nxe5 Nxe5 21. Rxe5 cxd3 22. cxd3 Qf6 23. Nc5 Rf7 24. f4 Kh7 25. Kh2 Qg6 26. Qxg6+ Kxg6 27. Re8 a5 28. Rd8 1-0

[Event "Ave-Kontakt Cup IMC"]
[Site "Olomouc CZE"]
[Date "2007.08.01"]
[Round "1"]
[White "Schneider Zinner, Harald"]
[Black "Kaufman, Raymond"]
[Result "0-1"]
[WhiteElo "2296"]
[BlackElo "2310"]
[PlyCount "58"]
[GameId "2129405103098489"]
[EventDate "2007.08.01"]
[EventType "tourn"]
[EventRounds "11"]
[EventCountry "CZE"]
[EventCategory "2"]
[SourceTitle "The Week in Chess 667"]
[Source "Mark Crowther"]
[SourceDate "2007.08.20"]
[SourceVersion "1"]
[SourceVersionDate "2007.08.20"]
[SourceQuality "2"]

1. d4 Nf6 2. Nf3 e6 3. c4 Bb4+ 4. Bd2 Qe7 5. g3 Nc6 6. Bg2 Bxd2+ 7. Nbxd2 O-O 8. O-O d6 9. e4 e5 10. d5 Nb8 11. b4 Bg4 12. Qc2 a5 13. a3 Na6 14. Qc3 axb4 15. axb4 Bxf3 16. Bxf3 c5 17. dxc6 bxc6 18. Ra5 Nc7 19. Nb3 Ne6 20. Rd1 Rad8 21. Kg2 Ng5 22. c5 d5 23. Nd2 dxe4 24. Be2 Nd5 25. Qa1 Qe6 26. h4 Qh3+ 27. Kg1 Ne3 28. fxe3 Qxg3+ 29. Kf1 Nh3 0-1

[Event "Ave-Kontakt Cup IMC"]
[Site "Olomouc CZE"]
[Date "2007.08.03"]
[Round "4"]
[White "Kaufman, Raymond"]
[Black "Khamzin, Olzhas"]
[Result "0-1"]
[WhiteElo "2310"]
[BlackElo "2333"]
[PlyCount "108"]
[GameId "2129405103098503"]
[EventDate "2007.08.01"]
[EventType "tourn"]
[EventRounds "11"]
[EventCountry "CZE"]
[EventCategory "2"]
[SourceTitle "The Week in Chess 667"]
[Source "Mark Crowther"]
[SourceDate "2007.08.20"]
[SourceVersion "1"]
[SourceVersionDate "2007.08.20"]
[SourceQuality "2"]

1. e4 c5 2. Nc3 d6 3. g3 Nc6 4. Bg2 g6 5. Nge2 Bg7 6. d3 e6 7. O-O Nge7 8. Be3 Nd4 9. Qd2 O-O 10. Nd1 b6 11. Nxd4 cxd4 12. Bh6 Bxh6 13. Qxh6 e5 14. f4 f6 15. c3 Nc6 16. cxd4 Nxd4 17. Ne3 Ba6 18. Rad1 Rc8 19. Bh3 Rc5 20. Rd2 Qc7 21. fxe5 dxe5 22. Nd5 Qg7 23. Qe3 Bb7 24. b4 Rc2 25. Rxc2 Nxc2 26. Qf2 Nd4 27. Ne3 f5 28. Nd5 Bxd5 29. exd5 Qe7 30. a3 Rc8 31. Qe3 Rc2 32. Re1 Qc7 33. Bg2 Rc1 34. Rxc1 Qxc1+ 35. Qxc1 Ne2+ 36. Kf2 Nxc1 37. Ke3 Nb3 38. d6 Kf8 39. Bd5 Nd4 40. h4 h6 41. h5 gxh5 42. Kf2 Ke8 43. a4 Kd7 44. Bf7 h4 45. gxh4 Kxd6 46. Bg6 f4 47. Be4 Nc2 48. b5 Nd4 49. Bg6 Ke6 50. Bh7 Kf6 51. Be4 Nb3 52. Bd5 Nc5 53. Bc4 Nxa4 54. Kf3 Nb2 0-1

[Event "Ave-Kontakt Cup IMC"]
[Site "Olomouc CZE"]
[Date "2007.08.04"]
[Round "5"]
[White "Ni, Viktorija"]
[Black "Kaufman, Raymond"]
[Result "0-1"]
[WhiteElo "2147"]
[BlackElo "2310"]
[PlyCount "100"]
[GameId "2129405103098511"]
[EventDate "2007.08.01"]
[EventType "tourn"]
[EventRounds "11"]
[EventCountry "CZE"]
[EventCategory "2"]
[SourceTitle "The Week in Chess 667"]
[Source "Mark Crowther"]
[SourceDate "2007.08.20"]
[SourceVersion "1"]
[SourceVersionDate "2007.08.20"]
[SourceQuality "2"]

1. d4 Nf6 2. Nf3 c5 3. e3 d5 4. c4 e6 5. Be2 Nc6 6. O-O cxd4 7. exd4 dxc4 8. Bxc4 Be7 9. Nc3 O-O 10. a3 b6 11. d5 exd5 12. Nxd5 Nxd5 13. Bxd5 Bb7 14. Bf4 Bf6 15. Rb1 Qd7 16. Bg3 Rad8 17. Be4 Rfe8 18. Qxd7 Rxd7 19. Bf5 Rde7 20. Rfd1 Re2 21. Bd7 R8e7 22. Rd6 Nd4 23. Ba4 Nxf3+ 24. gxf3 h5 25. Kg2 Rxb2 26. Rd8+ Kh7 27. Rxb2 Bxb2 28. Bc2+ g6 29. Bd6 Re2 30. Bb3 Rd2 31. Rd7 Bd5 32. Bxd5 Rxd5 33. Rxf7+ Kg8 34. Rf8+ Kg7 35. Rd8 Kf7 36. Rf8+ Ke6 37. Bb4 a5 38. Re8+ Kd7 39. Re7+ Kd8 40. Re2 axb4 41. Rxb2 bxa3 42. Rxb6 Ra5 43. Rb1 Ke7 44. h4 Kf6 45. f4 a2 46. Ra1 Kf5 47. f3 Kxf4 48. Kf2 Ra3 49. Kg2 Ke3 50. Kg3 Ra4 0-1

[Event "Ave-Kontakt Cup IMC"]
[Site "Olomouc CZE"]
[Date "2007.08.05"]
[Round "6"]
[White "Kaufman, Raymond"]
[Black "Klima, Lukas"]
[Result "0-1"]
[WhiteElo "2310"]
[BlackElo "2405"]
[PlyCount "50"]
[GameId "2129405103098515"]
[EventDate "2007.08.01"]
[EventType "tourn"]
[EventRounds "11"]
[EventCountry "CZE"]
[EventCategory "2"]
[SourceTitle "The Week in Chess 667"]
[Source "Mark Crowther"]
[SourceDate "2007.08.20"]
[SourceVersion "1"]
[SourceVersionDate "2007.08.20"]
[SourceQuality "2"]

1. e4 c5 2. Nf3 Nc6 3. d4 cxd4 4. Nxd4 Nf6 5. Nc3 d6 6. Bg5 e6 7. Qd2 Be7 8. O-O-O O-O 9. f3 Nxd4 10. Qxd4 Bd7 11. Qd2 Bc6 12. Bc4 Rc8 13. Bb3 b5 14. Qd3 b4 15. Ne2 a5 16. Nf4 a4 17. Bxe6 fxe6 18. Nxe6 Qa5 19. e5 dxe5 20. Nxf8 Kxf8 21. Qf5 Qc7 22. Rd2 Bd7 23. Qd3 Be6 24. Rhd1 b3 25. Kb1 bxc2+ 0-1

[Event "Ave-Kontakt Cup IMC"]
[Site "Olomouc CZE"]
[Date "2007.08.05"]
[Round "7"]
[White "Sondermann, Johannes"]
[Black "Kaufman, Raymond"]
[Result "0-1"]
[WhiteElo "2192"]
[BlackElo "2310"]
[PlyCount "120"]
[GameId "2129405103098525"]
[EventDate "2007.08.01"]
[EventType "tourn"]
[EventRounds "11"]
[EventCountry "CZE"]
[EventCategory "2"]
[SourceTitle "The Week in Chess 667"]
[Source "Mark Crowther"]
[SourceDate "2007.08.20"]
[SourceVersion "1"]
[SourceVersionDate "2007.08.20"]
[SourceQuality "2"]

1. e4 c5 2. Nf3 Nc6 3. c3 Nf6 4. e5 Nd5 5. d4 cxd4 6. Bc4 Nb6 7. Bb3 d5 8. exd6 Qxd6 9. O-O Be6 10. Na3 Bxb3 11. Qxb3 e6 12. Nb5 Qd7 13. Nfxd4 Nxd4 14. Nxd4 Bc5 15. Bg5 h6 16. Bh4 O-O 17. Rad1 e5 18. Nf3 Qf5 19. a4 Rfe8 20. Bg3 a5 21. Qb5 e4 22. Nd4 Qg5 23. h4 Qh5 24. b4 axb4 25. cxb4 Nxa4 26. bxc5 Nc3 27. Qb3 Nxd1 28. Rxd1 Ra3 29. Qc2 Ra2 30. Qb3 Rea8 31. Rc1 Ra1 32. Qc3 R1a3 33. Qe1 Qg4 34. Nc2 Ra2 35. Ne3 Qe6 36. Qb4 Qd7 37. Qxe4 Qd2 38. Qb1 Rb2 39. Kh2 Rxb1 40. Rxb1 Qd4 41. Rxb7 Qxc5 42. Rc7 Qh5 43. Rc4 Qb5 44. Rg4 Kh7 45. Nc4 f6 46. Nd6 Qd5 47. Rb4 Ra6 48. Ne8 Qc6 49. Nd6 Ra1 50. Nf5 Qc5 51. Rf4 Qc1 52. Kh3 h5 53. Bh2 Qc8 54. Kg3 Ra3+ 55. Ne3 g5 56. hxg5 fxg5 57. Rb4 Qc7+ 58. f4 Rxe3+ 59. Kf2 Qc5 60. Rb7+ Re7+ 0-1

[Event "Ave-Kontakt Cup IMC"]
[Site "Olomouc CZE"]
[Date "2007.08.06"]
[Round "8"]
[White "Kaufman, Raymond"]
[Black "Blazkova, Petra"]
[Result "1-0"]
[WhiteElo "2310"]
[BlackElo "2255"]
[PlyCount "59"]
[GameId "2129405103098527"]
[EventDate "2007.08.01"]
[EventType "tourn"]
[EventRounds "11"]
[EventCountry "CZE"]
[EventCategory "2"]
[SourceTitle "The Week in Chess 667"]
[Source "Mark Crowther"]
[SourceDate "2007.08.20"]
[SourceVersion "1"]
[SourceVersionDate "2007.08.20"]
[SourceQuality "2"]

1. d4 f5 2. Nc3 d5 3. Bf4 e6 4. e3 Nf6 5. Nf3 Bd6 6. Be2 O-O 7. O-O a6 8. Nb1 Ne4 9. c4 Nc6 10. Nc3 Bxf4 11. exf4 dxc4 12. Bxc4 Qd6 13. g3 b5 14. Bb3 Bb7 15. Re1 Na5 16. Nxe4 Bxe4 17. Ng5 Nxb3 18. Qxb3 Rad8 19. Qe3 Qd5 20. a4 bxa4 21. Rac1 Qb5 22. Rxc7 Qxb2 23. Nxe4 a3 24. Nd6 a2 25. Qe5 Rf6 26. Rxg7+ Kxg7 27. Ne8+ Kf8 28. Qxf6+ Kxe8 29. Rxe6+ Kd7 30. Re7+ 1-0

[Event "Ave-Kontakt Cup IMC"]
[Site "Olomouc CZE"]
[Date "2007.08.07"]
[Round "9"]
[White "Kireev, Aleksei"]
[Black "Kaufman, Raymond"]
[Result "1-0"]
[WhiteElo "2380"]
[BlackElo "2310"]
[PlyCount "49"]
[GameId "2129405103098534"]
[EventDate "2007.08.01"]
[EventType "tourn"]
[EventRounds "11"]
[EventCountry "CZE"]
[EventCategory "2"]
[SourceTitle "The Week in Chess 667"]
[Source "Mark Crowther"]
[SourceDate "2007.08.20"]
[SourceVersion "1"]
[SourceVersionDate "2007.08.20"]
[SourceQuality "2"]

1. e4 c5 2. g3 Nc6 3. d3 g6 4. Bg2 Bg7 5. f4 d6 6. Nh3 Bxh3 7. Bxh3 e6 8. c3 Nge7 9. O-O Qd7 10. Nd2 f5 11. Nf3 O-O 12. Re1 h6 13. Be3 b5 14. Qc2 b4 15. Rad1 bxc3 16. bxc3 Rab8 17. g4 Rb7 18. gxf5 exf5 19. d4 cxd4 20. Bxd4 Nxd4 21. Nxd4 Rc7 22. Qb3+ Rf7 23. e5 dxe5 24. Nxf5 Qc6 25. Rd8+ 1-0

[Event "Ave-Kontakt Cup IMC"]
[Site "Olomouc CZE"]
[Date "2007.08.08"]
[Round "10"]
[White "Smith, Axel"]
[Black "Kaufman, Raymond"]
[Result "0-1"]
[WhiteElo "2284"]
[BlackElo "2310"]
[PlyCount "92"]
[GameId "2129405103098543"]
[EventDate "2007.08.01"]
[EventType "tourn"]
[EventRounds "11"]
[EventCountry "CZE"]
[EventCategory "2"]
[SourceTitle "The Week in Chess 667"]
[Source "Mark Crowther"]
[SourceDate "2007.08.20"]
[SourceVersion "1"]
[SourceVersionDate "2007.08.20"]
[SourceQuality "2"]

1. e4 e5 2. Nf3 Nc6 3. Bb5 a6 4. Ba4 Nf6 5. O-O b5 6. Bb3 Bc5 7. c3 d6 8. d4 Bb6 9. a4 Bg4 10. Bg5 Rb8 11. axb5 axb5 12. d5 Ne7 13. Nbd2 Ng6 14. Qe2 O-O 15. h3 Bd7 16. Nh4 h6 17. Nxg6 fxg6 18. Be3 Nh5 19. Kh2 Nf4 20. Bxf4 Rxf4 21. Bc2 Qh4 22. f3 Rbf8 23. Bd3 g5 24. Bxb5 Bc8 25. Ba6 Bd7 26. Bb5 Bxb5 27. Qxb5 g4 28. Qe2 g3+ 29. Kh1 Qh5 30. Nc4 Bf2 31. Rxf2 gxf2 32. Nd2 g5 33. Qxf2 Qg6 34. Qa7 Qg7 35. Nf1 Qd7 36. Qa4 Qf7 37. Ne3 h5 38. Qc6 Qh7 39. Nf5 g4 40. Ra7 gxf3 41. Rxc7 f2 42. Rxh7 f1=Q+ 43. Kh2 R4xf5 44. exf5 Kxh7 45. Qd7+ Kh8 46. g4 Qf4+ 0-1

[Event "Ave-Kontakt Cup IMC"]
[Site "Olomouc CZE"]
[Date "2007.08.09"]
[Round "11"]
[White "Kaufman, Raymond"]
[Black "Salai, Ladislav"]
[Result "1/2-1/2"]
[WhiteElo "2310"]
[BlackElo "2378"]
[PlyCount "108"]
[GameId "2129405103098545"]
[EventDate "2007.08.01"]
[EventType "tourn"]
[EventRounds "11"]
[EventCountry "CZE"]
[EventCategory "2"]
[SourceTitle "The Week in Chess 667"]
[Source "Mark Crowther"]
[SourceDate "2007.08.20"]
[SourceVersion "1"]
[SourceVersionDate "2007.08.20"]
[SourceQuality "2"]

1. d4 d5 2. c4 dxc4 3. e4 c5 4. d5 e6 5. Nc3 Nf6 6. Bxc4 exd5 7. Nxd5 Nxd5 8. Bxd5 Bd6 9. Nf3 O-O 10. O-O Nc6 11. Bxc6 bxc6 12. e5 Bc7 13. Qc2 Bg4 14. Ng5 g6 15. Qxc5 Qd3 16. e6 Bxe6 17. Nxe6 fxe6 18. Bh6 Rf7 19. Qxc6 Qd5 20. Qxd5 exd5 21. Rad1 Be5 22. Rxd5 Bxb2 23. Rfd1 Re8 24. g3 Bf6 25. Kg2 Rb7 26. Rd7 Rxd7 27. Rxd7 a5 28. Rd6 Kf7 29. Rd7+ Kg8 30. Kf3 Rc8 31. Ra7 Bc3 32. Be3 Rc4 33. Bb6 Ra4 34. Rc7 Bf6 35. Rc2 Kf7 36. Bc5 h5 37. h4 Ke6 38. Ke3 Bg7 39. Kd3 Kd5 40. Bb6 Ra3+ 41. Ke2 Bc3 42. Be3 Be5 43. Bc5 Ra4 44. Bb6 Bd6 45. Rd2+ Ke6 46. Bd4 Bb4 47. Rc2 Kd5 48. Be3 Ra3 49. f3 Bd6 50. g4 Ra4 51. Rd2+ Ke6 52. gxh5 gxh5 53. Bf2 Be7 54. Kf1 Bxh4 1/2-1/2

[Event "Czech op GMA"]
[Site "Pardubice CZE"]
[Date "2007.07.21"]
[Round "2"]
[White "Boros, Denes"]
[Black "Kaufman, Raymond"]
[Result "1/2-1/2"]
[WhiteElo "2460"]
[BlackElo "2310"]
[PlyCount "104"]
[GameId "2129405103457503"]
[EventDate "2007.07.20"]
[EventType "swiss"]
[EventRounds "9"]
[EventCountry "CZE"]
[SourceTitle "The Week in Chess 664"]
[Source "Mark Crowther"]
[SourceDate "2007.07.30"]
[SourceVersion "1"]
[SourceVersionDate "2007.07.30"]
[SourceQuality "2"]

1. e4 e5 2. Nf3 Nc6 3. Bb5 Nf6 4. O-O Nxe4 5. d4 Nd6 6. Bxc6 dxc6 7. dxe5 Nf5 8. Qxd8+ Kxd8 9. h3 Bd7 10. Ng5 Be8 11. b3 a5 12. Nc3 Kc8 13. Rd1 c5 14. Nd5 a4 15. Bf4 Nd4 16. e6 Ne2+ 17. Kh1 Nxf4 18. Nxf4 Bd6 19. Rxd6 cxd6 20. exf7 Bc6 21. Nxh7 Kd7 22. Ng6 Be4 23. f8=Q Rhxf8 24. Nhxf8+ Kc6 25. Re1 Bxc2 26. Ne7+ Kb6 27. Nd7+ Kb5 28. bxa4+ Rxa4 29. Re6 Re4 30. Rxd6 Rxe7 31. Rb6+ Ka5 32. Rxb7 c4 33. a3 Bf5 34. Rc7 Bxd7 35. Rxc4 Kb5 36. Rc7 Kb6 37. Rc3 Bc6 38. Kh2 Re2 39. Rg3 Re7 40. Rg4 Kc5 41. Kg3 Kd5 42. Rb4 Rc7 43. Rb3 Ke6 44. Kh2 Ra7 45. Rd3 Rb7 46. Rd4 Rb5 47. Rc4 Bd7 48. Rg4 Kf6 49. Rf4+ Ke7 50. Re4+ Kf7 51. Rf4+ Ke7 52. Re4+ Kf7 1/2-1/2